A-Z of actors - Statistics

General Stats
  • This quiz has been taken 36 times
  • The average score is 15 of 26
Answer Stats
Picture Answer % Correct
Leonardo DiCaprio
97%
Al Pacino
94%
Clint Eastwood
91%
Liam Neeson
91%
Adam Sandler
81%
Woody Allen
81%
Jean-Claude Van Damme
75%
Nicholas Cage
75%
Christopher Walken
72%
Samuel Jackson
69%
Ian McKellen
63%
Catherine Zeta-Jones
59%
Michael Keaton
59%
Jeremy Irons
53%
Danny Glover
50%
Dennnis Quaid
47%
Gene Hackman
47%
Ice-T
44%
Jane Fonda
44%
Michelle Yeoh
44%
Lauren Bacall
34%
Burt Lancaster
31%
Christina Ricci
31%
Tracy Ullman
25%
Laurence Olivier
19%
Fiona Xie
0%
No matching quizzes found
Score Distribution
Percent of People with Each Score
Percentile by Number Answered
Your Score History
You have not taken this quiz